00514nam a22001937a 450000500170000001000130001702000220003003500130005203700160006504000120008108200160009310000170010924500420012626000350016827000410020330000310024450000190027565000260029420170124110040.0 aB-077487 c00.00a817808869X aB-077487 bCen Lib/Ret aDPLbEN a881.08bPOT aPotter, Lois aA preface to Milton /cby Lois Potter bPearson Educationc1986aDelhi a482, F.I.E.PatparganjbDelhie110092 ax,182p. :c19cm(pbk)bill. aIncludes index aJohn Milton (1625-42)